000 00915nam a2200289 i 4500
001 000012649
003 DO-SdBNP
005 20240530073914.0
007 ta
008 091116s1985 dr a r 001 f spa d
040 _aDO-SdBNP
_bspa
_cBNPHU
_erda
082 4 _aRD863.44
_bR175d
_222
100 1 _aRamos, Emelda,
_d1948-
_91915
_eautor
245 1 3 _aEl despojo o por los trillos de la leyenda /
_cEmelda Ramos.
246 1 0 _aPor los trillos de la leyenda
264 _aSanto Domingo :
_bTaller,
_c1985.
300 _a101 páginas :
_bilustraciones ;
_c21 cm.
336 _2rdacontent
_atext
_btxt
337 _2rdamedia
_asin mediación
_bn
338 _2rdacarrier
_avolumen
_bnc
490 _aBiblioteca Taller ;
_v188
590 _aInventariado, 2019/BT
650 0 _aNovela dominicana
_9223
650 0 _aLiteratura dominicana.
_967
910 _aValidado. Control de calidad. MMOLINA
942 _2ddc
_cLBS1
999 _c12301
_d12301